| 000 | 00963cam a2200229 4500 | ||
|---|---|---|---|
| 001 | ABS62996 | ||
| 008 | 000000n2000 000 0 eng u | ||
| 035 | _a(Sirsi) u108903 | ||
| 100 | _aLedbury, M. | ||
| 245 | _aBrighton on the crest of a new wave | ||
| 260 | _c2000 | ||
| 490 |
_aUrban Environment Today _v(106) 5 October 2000, 12-13(2) |
||
| 520 | _aBrighton has been one of the most successful English seaside resorts in recent years. Traces its transition from holiday resort to conference destination and more recently a centre for new media companies. It is currently suffering from a severe shortage of space to expand, and particularly a lack of large office space. Looks at ideas and options for its future development. | ||
| 590 | _aABS | ||
| 650 | _aBRIGHTON | ||
| 650 | _aMEDIA INDUSTRY | ||
| 650 | _aFUTURE | ||
| 650 | _aDEVELOPMENT SCHEMES | ||
| 650 | _aURBAN DEVELOPMENT | ||
| 690 | _aPROPERTY-PROPERTY DEVELOPMENT | ||
| 942 | _n0 | ||
| 999 |
_c65016 _d65016 |
||